|
|
|
|
| LEADER |
01306nam a22002777a 4500 |
| 001 |
36075 |
| 003 |
BD-DhAAL |
| 005 |
20250622114916.0 |
| 008 |
211107t2000 bg ||||| |||| 00| 0 ben d |
| 020 |
|
|
|a 9840502085
|
| 040 |
|
|
|a BD-DhAAL
|d BD-DhAAL
|
| 043 |
|
|
|a ben
|
| 082 |
|
|
|a 891.44371
|2 21
|
| 245 |
|
|
|a দুই বাংলার :
|b নির্বাচিত কিশোর গল্প /
|c সম্পাদনা এখলাসউদ্দিন আহমদ ও অশোককুমার.
|
| 246 |
|
|
|a Dui banglar :
|b nirbachita kishor galpa
|
| 260 |
|
|
|a ঢাকা :
|b দি ইউনিভার্সিটি প্রেস লিমিটেড,
|c ২০০২.
|
| 300 |
|
|
|a ৭১৭ পৃষ্ঠা ;
|c ২২ সে.মি.
|
| 526 |
|
|
|a BIED
|
| 541 |
|
|
|a Complimentary copy from BIED
|e 36075
|
| 650 |
|
|
|a Bengali
|x fiction.
|
| 700 |
|
|
|a আহমদ, এখলাসউদ্দিন
|9 42392
|
| 700 |
|
|
|a অশোককুমার
|9 42393
|
| 852 |
|
|
|a Ayesha Abed Library
|c General Stacks
|
| 942 |
|
|
|2 ddc
|c BK
|
| 999 |
|
|
|c 43317
|d 43317
|
| 952 |
|
|
|0 0
|1 0
|2 ddc
|4 0
|6 891_443710000000000_DUI
|7 0
|9 69485
|a BRACUL
|b BRACUL
|c GEN
|d 2021-11-07
|e Complimentary copy from BIED
|l 3
|m 34
|o 891.44371 DUI
|p 3010036075
|r 2025-02-11
|s 2024-12-11
|t 1
|w 2021-11-07
|y BK
|x Transferred from BIED to General Stacks
|